Estudio preliminar de un sistema de recolección y disposición para las aguas negras de la ciudad de Naranjo

Đã lưu trong:
Chi tiết về thư mục
Tác giả chính: Mejías Cordero, Eddy Alfonso
Định dạng: Sách
Được phát hành: 1987
Những chủ đề:
Các nhãn: Thêm thẻ
Không có thẻ, Là người đầu tiên thẻ bản ghi này!

MARC

LEADER 00000nam a2200000Ia 4500
003 004173
005 20221231144353.0
008 140114s1987 cr a m 000 ||s d
040 |c cru CEDI 
090 |a TFG 1879 
100 |a Mejías Cordero, Eddy Alfonso  |9 14067 
245 |a Estudio preliminar de un sistema de recolección y disposición para las aguas negras de la ciudad de Naranjo 
260 |c 1987 
300 |a  101 páginas ; 28 cm + 1 disquete  
500 |a  Proyecto de graduación (licenciatura en ingeniería civil)--Universidad de Costa Rica, Facultad de Ingeniería. Escuela de Ingeniería Civil 
650 |x AGUAS RESIDUALES   |x ALCANTARILLADO - NARANJO (ALAJUELA, COSTA RICA)  |9 14068 
942 |c TFG 
999 |c 20862  |d 20862